Stati per consumo di Birra - Statistics

Statistiche generali
  • Questo quiz è stato fatto 84 volte
  • Il punteggio medio è 10 su 15
Statistiche sulle risposte
Litri birra / persona / anno Continente Nazione % Corretto
99,0 Europa Germania
99%
88,8 Europa Spagna
83%
92,9 Europa Irlanda
81%
97,7 Europa Polonia
80%
79,3 Europa Paesi Bassi
76%
140,0 Europa Repubblica Ceca
76%
100,3 Europa Romania
76%
107,8 Europa Austria
71%
78,7 Europa Bulgaria
68%
80,0 Europa Slovenia
65%
85,5 Europa Croazia
64%
80,5 Europa Estonia
60%
81,4 Europa Lettonia
59%
78,3 America del Nord Panama
27%
95,5 Africa Namibia
16%
Nessun quiz corrispondente trovato
Distribuzione punteggi
Percentuale di utenti per punteggio
Percentile per numero di risposta
I tuoi punteggi nel tempo
Non hai fatto questo quiz